00449cam a22001692 4500001001100000005001700011008004100028020001700069040001500086100003200101245005700133250001300190260002600203300001700229650003000246852000300276000001877120151217155859.0100629s xx 000 0 eng d a085198648x : aKABUcKABU1 aYoung, Anthony.@000017815010aAgroforestry for soil conservation /cAnthony Young. a1st ed. aOxford :bCAB,c1989. avii, 275 p. 0aAgroforestry.@00001781511